Immune RNA (Record no. 31409)

MARC details
000 -LEADER
fixed length control field 00284nam a2200121Ia 4500
082 ## - DEWEY DECIMAL CLASSIFICATION NUMBER
Classification number 577.27+577.216.3
Item number COH
100 ## - MAIN ENTRY--AUTHOR NAME
Personal name Cohen, E P
245 #0 - TITLE STATEMENT
Title Immune RNA
260 ## - PUBLICATION, DISTRIBUTION, ETC. (IMPRINT)
Place of publication Ohio
Name of publisher CRC Press
Year of publication 1976
650 ## - SUBJECT ADDED ENTRY--TOPICAL TERM
Topical Term RNA immune
942 ## - ADDED ENTRY ELEMENTS (KOHA)
Koha item type Books
Holdings
Withdrawn status Lost status Damaged status Not for loan Home library Current library Date acquired Full call number Accession Number Koha item type
        RRII Library RRII Library 16/12/2021 577.27+577.216.3 COH 11954 Books